000
00340nam a2200145Ia 4500
005
20250323124318.0
008
240331s9999 xx 000 0 und d
082
_b
PUN
_a
894
100
_a
Puniyameen, P.M
245
0
_a
Karu
260
_a
Udatalawinna
_b
Chinthanai Vattam
_c
1989
300
_a
64 p .,
650
_a
Short Stories
942
_c
L
999
_c
4147
_d
4147